000 00390nam a2200145Ia 4500
008 230917s9999||||xx |||||||||||||| ||und||
040 _e19340
_aMAIN
041 _aEnglish
082 _a330.9 K124I
100 _aKalecki, Michal
245 0 _aIntroduction to the theory of growth in a socialist economy
260 _aOxford
_bBasil Blackwell
_c1969
300 _avi, 125 p.
942 _cBK
999 _c113763
_d113763